|
|
|
|
| LEADER |
00000caa a22000002c 4500 |
| 001 |
1912553104 |
| 003 |
DE-627 |
| 005 |
20250121055013.0 |
| 007 |
cr uuu---uuuuu |
| 008 |
241217s2013 xx |||||o 00| ||eng c |
| 024 |
7 |
|
|a 10.1093/poq/nft041
|2 doi
|
| 035 |
|
|
|a (DE-627)1912553104
|
| 035 |
|
|
|a (DE-599)KXP1912553104
|
| 040 |
|
|
|a DE-627
|b ger
|c DE-627
|e rda
|
| 041 |
|
|
|a eng
|
| 084 |
|
|
|a 2,1
|2 ssgn
|
| 100 |
1 |
|
|a Shook-Sa, Bonnie E.
|e VerfasserIn
|4 aut
|
| 245 |
1 |
0 |
|a Extending the coverage of address-based sampling frames: Beyond the USPS computerized delivery sequence file
|
| 264 |
|
1 |
|c 2013
|
| 336 |
|
|
|a Text
|b txt
|2 rdacontent
|
| 337 |
|
|
|a Computermedien
|b c
|2 rdamedia
|
| 338 |
|
|
|a Online-Ressource
|b cr
|2 rdacarrier
|
| 700 |
1 |
|
|a Iannacchione, Vincent G.
|e VerfasserIn
|4 aut
|
| 700 |
1 |
|
|a McMichael, Joseph P.
|e VerfasserIn
|4 aut
|
| 700 |
1 |
|
|a Currivan, Douglas B.
|e VerfasserIn
|4 aut
|
| 773 |
0 |
8 |
|i Enthalten in
|t The public opinion quarterly
|d Oxford : Oxford Univ. Pr., 1937
|g 77(2013), 4, Seite 994-1005
|h Online-Ressource
|w (DE-627)311813690
|w (DE-600)2009642-2
|w (DE-576)09095484X
|x 1537-5331
|7 nnas
|
| 773 |
1 |
8 |
|g volume:77
|g year:2013
|g number:4
|g pages:994-1005
|
| 787 |
0 |
8 |
|i Forschungsdaten
|a United States Department of Health and Human Services. Substance Abuse and Mental Health Services Administration. Center for Behavioral Health Statistics and Quality
|t National Survey on Drug Use and Health, 2010
|d [Erscheinungsort nicht ermittelbar] : [Verlag nicht ermittelbar], 2011
|w (DE-627)1840045221
|
| 856 |
4 |
0 |
|u https://doi.org/10.1093/poq/nft041
|x Resolving-System
|z lizenzpflichtig
|3 Volltext
|7 1
|
| 935 |
|
|
|a mkri
|
| 951 |
|
|
|a AR
|
| ELC |
|
|
|a 1
|
| LOK |
|
|
|0 000 xxxxxcx a22 zn 4500
|
| LOK |
|
|
|0 001 4637518601
|
| LOK |
|
|
|0 003 DE-627
|
| LOK |
|
|
|0 004 1912553104
|
| LOK |
|
|
|0 005 20241217044450
|
| LOK |
|
|
|0 008 241217||||||||||||||||ger|||||||
|
| LOK |
|
|
|0 035
|a (DE-2619)ICPSR114144
|
| LOK |
|
|
|0 040
|a DE-2619
|c DE-627
|d DE-2619
|
| LOK |
|
|
|0 092
|o n
|
| LOK |
|
|
|0 852
|a DE-2619
|
| LOK |
|
|
|0 852 1
|9 00
|
| LOK |
|
|
|0 935
|a nacp
|
| LOK |
|
|
|0 939
|a 17-12-24
|b l01
|
| ORI |
|
|
|a SA-MARC-krimdoka001.raw
|